000
00273nam a22001337a 4500
008
170331b xxu||||| |||| 00| 0 eng d
020
_a
9780892031696
041
_a
eng
080
_a
617
100
_a
8
101
_a
SHM
245
_a
SPINE
_c
GARFIN, S.R
942
_2
udc
_c
BK
999
_c
9307
_d
9307